000 00515nam a2200169Ia 4500
008 110201s9999 xx 000 0 und d
082 _bB878
_aK 698
100 _aबेडेकर विश्राम
245 _aरणांगण
260 _bदेशमूख आणि कंपनी
365 _b42
600 _aबेडेकर विश्राम
630 _aरणांगण
700 _aबेडेकर विश्राम
730 _aरणांगण
942 _cBOOK
999 _c828260
_d828257